ՍՈՒՐՀԱՆԴԱԿ : ԼՐԱԳԻՐ ԱԶԳԱՅԻՆ / (Record no. 207)
[ view plain ]
| 000 -LEADER | |
|---|---|
| fixed length control field | 03933nas a22003857a 4500 |
| 001 - CONTROL NUMBER | |
| control field | VMC207 |
| 003 - CONTROL NUMBER IDENTIFIER | |
| control field | MEC |
| 005 - DATE AND TIME OF LATEST TRANSACTION | |
| control field | 20260114165125.0 |
| 008 - FIXED-LENGTH DATA ELEMENTS--GENERAL INFORMATION | |
| fixed length control field | 150609d18891890xxu|||ne|||||||| ||arm|| |
| 040 ## - CATALOGING SOURCE | |
| Original cataloging agency | AM-YeNLA |
| Language of cataloging | arm |
| Transcribing agency | AM-YeHGA |
| 041 0# - LANGUAGE CODE | |
| Language code of text/sound track or separate title | arm |
| 245 00 - TITLE STATEMENT | |
| Title | ՍՈՒՐՀԱՆԴԱԿ : ԼՐԱԳԻՐ ԱԶԳԱՅԻՆ / |
| Statement of responsibility, etc. | Խմբ.-հրատարակիչ՝ Հայկակ Էկինեան. |
| 260 ## - PUBLICATION, DISTRIBUTION, ETC. | |
| Place of publication, distribution, etc. | Նիւ Եորք, |
| -- | Վէսթ Հոպոքըն, |
| Name of publisher, distributor, etc. | ՏՊԱԳՐՈՒԹԻՒՆ Հ. Էկինեան, |
| Date of publication, distribution, etc. | 1889-1890. |
| 300 ## - PHYSICAL DESCRIPTION | |
| Extent | 4 երես ; |
| Other physical details | (ամսաթերթ, ապայ շաբաթաթերթ) |
| Dimensions | 32 x 24 սմ. |
| 362 0# - DATES OF PUBLICATION AND/OR SEQUENTIAL DESIGNATION | |
| Dates of publication and/or sequential designation | 1889-1890. |
| 500 ## - GENERAL NOTE | |
| General note | <b>1889 Թիւ 1: ԵՐԿՈՒ ԽՕՍՔ</b> Ամերիկայի մէջ հայերէն թերթի մը անհրաժեշտ պէտքն անուրանալի է ապաքէն...: Անցեալ տարի "Արեգակ" անուն շաբաթաթերթի մը հրատարակութիւնն ի Նիւ Ճէրզի մի մեծ ուրախութիւն պատճառեց մեզ, իսկ զորա խափանիլն մեծագոյն մի ցաւ...: "Սուրհանդակ" լոկ ազգային թերթ մը պիտի լինի առայժմ, ու պիտի հրատարակուի ամէն մէկ ամիսն անգամ մը: |
| 504 ## - BIBLIOGRAPHY, ETC. NOTE | |
| Bibliography, etc. note | Աղբիւր․ <br/><li><a href="https://arar.sci.am/dlibra/publication/287324/edition/263755?" target="_blank">Տէր Խաչատուրեան Արտաշէս Հայ մամուլի մատենագիտական գործեր, Պէյրութ 2014, էջ 135</a> |
| 520 ## - SUMMARY, ETC. | |
| Summary, etc. | <b>1889, Ա. Տարի Թիւ 1-Թիւ 6</b> ՍՈՒՐՀԱՆԴԱԿ : ԼՐԱԳԻՐ ԱԶԳԱՅԻՆ, Նիւ Եորք: <b>1889, Ա. Տարի Թիւ 7</b> ՍՈՒՐՀԱՆԴԱԿ, Նիւ Եորք: <b>1889, Ա. Տարի Թիւ 8-Թիւ 25</b> ՍՈՒՐՀԱՆԴԱԿ, Վէսթ Հոպոքըն: |
| 546 ## - LANGUAGE NOTE | |
| Language note | Բնագիրը՝ հայերէն |
| 563 ## - BINDING INFORMATION | |
| Binding note | "ՍՈՒՐՀԱՆԴԱԿ" եւ "ԱԶԱՏՈՒԹԻՒՆ" թիւերը կազմուած եւ ամփոփուած են մէկ առանձին թղթածրարում. <b>1889-1892</b>` մէկ ծրար, դասիչն է <b>272 L V-2</b></br> <b>Վիեննական Մխիթարեան Մենաստանում</b> առկայ են հետեւեալ թիւերը՝</br> <a href= "https://arar.sci.am/dlibra/publication/394902?language=hyw#structure"> <b> 1889 </a> Ա տարի </b> Թիւ 1 (Փետրուար), Յաւելուած (Փետրուար 1), Թիւ 2 (Մարտ), Թիւ 3 (Ապրիլ), Թիւ 4 (Մայիս), Թիւ 5 (Յունիս), Թիւ 6 (Յուլիս), Թիւ 7 (Օգոստոս), Թիւ 8 (Օգոստոս 18), Թիւ 9 (Օգոստոս 24), Թիւ 10 (Օգոստոս 31), Թիւ 11 (Սեպտ․ 7), Թիւ 12 (Սեպտ․ 14), Թիւ 13 (Սեպտ․ 21), Թիւ 14 (Սեպտ․ 28), Թիւ 15 (Հոկտ․ 5), Թիւ 16 (Հոկտ․ 12), Թիւ 17 (Հոկտ․ 19), Թիւ 18 (Հոկտ․ 28), Թիւ 19 (Նոյ․ 2), Թիւ 20 (Նոյ․ 9), Թիւ 21 (Նոյ․ 16), Թիւ 22 (Նոյ․ 23), Թիւ 23 (Նոյ․ 30), Թիւ 24 (Դեկտ․ 7), Թիւ 25 (Դեկտ․ 14)<br> |
| 580 ## - LINKING ENTRY COMPLEXITY NOTE | |
| Linking entry complexity note | Շարունակուած է «Ազատութիւն» (1890-1892թթ.) |
| 650 #4 - SUBJECT ADDED ENTRY--TOPICAL TERM | |
| Topical term or geographic name entry element | Հասարակական քաղաքական կեանք |
| Chronological subdivision | XIX դ |
| -- | 1889-1890 |
| Form subdivision | Պարբերականներ |
| 650 #4 - SUBJECT ADDED ENTRY--TOPICAL TERM | |
| Topical term or geographic name entry element | տպ. "Հ. Էկինեան" |
| 650 #4 - SUBJECT ADDED ENTRY--TOPICAL TERM | |
| Topical term or geographic name entry element | Շարժ ներքին (Նիւ Եորք -> Վէսթ Հոպոքըն) |
| 651 #4 - SUBJECT ADDED ENTRY--GEOGRAPHIC NAME | |
| Geographic name | Նիւ Եորք |
| 651 #4 - SUBJECT ADDED ENTRY--GEOGRAPHIC NAME | |
| Geographic name | Վէսթ Հոպոքըն |
| 651 #4 - SUBJECT ADDED ENTRY--GEOGRAPHIC NAME | |
| Geographic name | ԱՄՆ |
| 651 #4 - SUBJECT ADDED ENTRY--GEOGRAPHIC NAME | |
| Geographic name | Հիւսիսային Ամէրիկա |
| 655 #4 - INDEX TERM--GENRE/FORM | |
| Genre/form data or focus term | Թերթ |
| 700 1# - ADDED ENTRY--PERSONAL NAME | |
| Personal name | Էկինեան, Հայկակ (Յովհաննէս) Յարութիւնի, |
| Relator term | խմբ.-հրատարակիչ |
| Dates associated with a name | 1865-1919 |
| 785 00 - SUCCEEDING ENTRY | |
| Related parts | 1890-1892 |
| Title | ԱԶԱՏՈՒԹԻՒՆ ԼՐԱԳԻՐ ԱԶԳԱՅԻՆ |
| 856 41 - ELECTRONIC LOCATION AND ACCESS | |
| Link text | Կարդալ առցանց - Read Online - Online lesen - Leggi online |
| Uniform Resource Identifier | <a href="https://arar.sci.am/dlibra/publication/394897?language=hyw#structure">https://arar.sci.am/dlibra/publication/394897?language=hyw#structure</a> |
| 942 ## - ADDED ENTRY ELEMENTS (KOHA) | |
| Source of classification or shelving scheme | Universal Decimal Classification |
| Koha item type | Թերթեր / Newspapers |
| Suppress in OPAC | No |
No items available.
ՎԻԵՆՆԱՅԻ ՄԵՆԱՍՏԱՆԻՆ մամուլին շտեմարանը = THE VIENNA Congregation Periodicals Portal